Le procédé de l'acte-type
Bewaard in:
| Hoofdauteur: | |
|---|---|
| Formaat: | Boek |
| Taal: | Frans |
| Gepubliceerd in: |
París
Librairie Générale de Droit et de Jurisprudence
1968
|
| Reeks: | Bibliothèque de Droit Public, 84
|
| Onderwerpen: | |
| Tags: |
Voeg label toe
Geen labels, Wees de eerste die dit record labelt!
|
MARC
| LEADER | 00000nam a2200000 a 4500 | ||
|---|---|---|---|
| 001 | UCS0553 | ||
| 003 | CL-VaPUC | ||
| 008 | 970426e19680000FR |||||||||||||||||fre|d | ||
| 082 | 0 | 4 | |a 342.06 |b WAL |2 21 |
| 100 | 0 | |a Waline, Marcel |e author |9 384206 | |
| 245 | 1 | 3 | |a Le procédé de l'acte-type |
| 300 | |a 319 p | ||
| 942 | |c BK | ||
| 945 | |d 19970426 00:00:00 |a paguirre | ||
| 260 | |a París |b Librairie Générale de Droit et de Jurisprudence |c 1968 | ||
| 650 | 0 | |a Derecho administrativo |9 254851 | |
| 650 | 0 | |a Actos administrativos |9 256128 | |
| 650 | 0 | |a Estado |9 255503 | |
| 650 | 0 | |a Contratos |9 255153 | |
| 650 | 7 | |a RESPONSABILIDAD DEL ESTADO POR ACTO ADMINISTRATIVO |2 CL-VaPUC |9 384207 | |
| 583 | |a last modification |c 19970426 00:00:00 |k Rodrigo Vera | ||
| 490 | 0 | |a Bibliothèque de Droit Public, 84 | |
| 999 | |c 258775 |d 258773 | ||
| 952 | |0 0 |1 0 |4 0 |6 342_060000000000000_WAL_1968 |7 0 |8 P |9 283070 |a BIBDER |b BIBDER |d 2019-11-19 |i 1836838 |o 342.06 WAL 1968 |p 1836838 |r 2023-01-25 |w 2019-11-19 |y BK |k DER | ||